000 00462cam a2200205u 4500
001 7350439
005 20180208034329.0
008 820623s1932 nyu 000 0 eng
010 _a 32034639
040 _aDLC
_cCarP
_dDLC
041 _aeng
043 _an-us---
080 _a941
082 _2941 CHA
100 1 _a16
101 _aHIS
245 1 0 _aFarewell to reform,
906 _a0
_bcbc
_cpremunv
_du
_encip
_f19
_gy-gencatlg
942 _2ddc
_cBK
999 _c42080
_d42080